000 00879nam a22001937a 4500
005 20240524104352.0
010 _aHIN-127694
020 _c695.000
_a9789393010247
035 _aHN-100040
037 _bDBAD
082 _a001.42
245 _aशोध प्राविधि के आयाम /
_c मनमीत कौर एवं प्रेम प्रकाश द्वारा सम्पादित
260 _aदिल्ली
_bसानिया पब्लिकेशन
_c2023
270 _a323,गली नं. 15, कर्दम पूरी एक्सटेंशन
_bदिल्ली
_e110094
300 _a224पृ.
_c22सेमी (सजिल्द)
700 _a कौर, मनमीत
_961637
700 _a प्रेम प्रकाश
_961638
942 _2ddc
_cHN
_h001.42
_mशोधप्र
999 _c203206
_d203206